00615nam a2200157 a 450000100100000000500170001000800410002704000250006810000370009324500500013026000670018030000200024704900090026795201640027699900170044000003331220200930070153.0110823s19uu dr 000 0 spa d aDO-SdBNPbspacBNPHU1 aCaminero Sánchez, Mario95890910aSueños de opio /cMario Caminero Sánchez. cSan Pedro de Macoris, República Dominicana:bImp. Cervantes. a64 p. ;c23 cm. aBNPD 001050718RVaPDbPDcCTd2011-08-23iLF1l0o p33312-10r2020-06-25w2020-06-25y1zPerteneció a la biblioteca personal de Martínez Boog.ZNo se presta c32803d32803